00958nam a2200205 a 450000100100000000500170001000800410002704000250006808200200009311000580011324500960017126000510026730000200031859000750033859000260041365000660043991000380050595201920054399900170073500003118620200930062747.0091209s1994 dr 000 0 spa d aDO-SdBNPbspacBNPHU a328.7293bR426r1 aRepública Dominicana.bCámara de Diputados93223810aReglamento interior y reglamento para el régimen del personal subalterno de secretaría. aSanto Domingo :bCámara de Diputados,c1994. a55 P. ;c21 cm. aPerteneció a la biblioteca personal de Juan Isidro Jimenes Grullón aInventariado, 2018/BT 4aPoder legislativozRepública DominicanaxReglamentos957660 aValidado. Control de calidad. MFF 0010718PDaPDbPDcHDd2011-06-14iLF1l0o328.7293 R426rp31186-10r2020-06-25w2020-06-25yLFPDzPerteneció a la biblioteca personal de Juan Isidro Jimenés GrullónZNo se presta c30678d30678